<?xml version="1.0" encoding="UTF-8"?>
<record
    xmlns:xsi="http://www.w3.org/2001/XMLSchema-instance"
    xsi:schemaLocation="http://www.loc.gov/MARC21/slim http://www.loc.gov/standards/marcxml/schema/MARC21slim.xsd"
    xmlns="http://www.loc.gov/MARC21/slim">

  <leader>02398nam a2200325Ia 4500</leader>
  <controlfield tag="001">SCP0NE10522PDF</controlfield>
  <controlfield tag="003">BD-DhSAU</controlfield>
  <controlfield tag="005">20151012144305.0</controlfield>
  <controlfield tag="006">m|||||o||d||||||||</controlfield>
  <controlfield tag="007">cr||||</controlfield>
  <controlfield tag="008">110908s2011    nhuabdf sb    001 0 eng d</controlfield>
  <datafield tag="020" ind1=" " ind2=" ">
    <subfield code="a">9781439862339 (ebook : PDF)</subfield>
  </datafield>
  <datafield tag="040" ind1=" " ind2=" ">
    <subfield code="a">BD-DhSAU</subfield>
    <subfield code="c">BD-DhSAU</subfield>
  </datafield>
  <datafield tag="090" ind1=" " ind2=" ">
    <subfield code="a">QL638.G7</subfield>
    <subfield code="b">B56 2011</subfield>
  </datafield>
  <datafield tag="092" ind1=" " ind2=" ">
    <subfield code="a">597.7</subfield>
    <subfield code="b">B615</subfield>
  </datafield>
  <datafield tag="245" ind1="0" ind2="4">
    <subfield code="a">The biology of gobies</subfield>
    <subfield code="h">[electronic resource] /</subfield>
    <subfield code="c">editors, Robert A. Patzner ... [et al.].</subfield>
  </datafield>
  <datafield tag="250" ind1=" " ind2=" ">
    <subfield code="a">1st ed.</subfield>
  </datafield>
  <datafield tag="260" ind1=" " ind2=" ">
    <subfield code="a">Enfield, N.H. :</subfield>
    <subfield code="b">Science Publishers,</subfield>
    <subfield code="c">2011.</subfield>
  </datafield>
  <datafield tag="300" ind1=" " ind2=" ">
    <subfield code="a">xv, 666, [19] p. of plates :</subfield>
    <subfield code="b">ill. (some col.), maps.</subfield>
  </datafield>
  <datafield tag="504" ind1=" " ind2=" ">
    <subfield code="a">Includes bibliographical references and index.</subfield>
  </datafield>
  <datafield tag="505" ind1="0" ind2=" ">
    <subfield code="a">section 1. Systematics -- section 2. Zoogeography -- section 3. General biology -- section 4. Ecology.</subfield>
  </datafield>
  <datafield tag="520" ind1=" " ind2=" ">
    <subfield code="a">"Among all vertebrates, gobies are second in diversity only to the teleost family Cyprinidae. The Gobiidae consists of more than 200 genera and nearly 2,000 species and make up the largest family of marine fishes. Gobies account for as much as 50% of the energy flow in coral reef communities. Their small size, ability to adapt to numerous ecological niches and to be bred in aquaria has led to numerous studies both in the field and laboratory. Gobies are found from above the high tide line to depths of over 1,100 m. Some species are found only within caves, others deep inside sponges, and some others climb waterfalls to return to their native streams. They vary reproductively from gonochoric to hermaphrodite, monogamy to polygyny and promiscuity, some have short life spans and reproduce only once while others have longer life spans reproducing one or more times per year. The Biology of Gobies written by over 30 experts from 15 countries summarizes what is known about the systematics, ecology, zoogeography, and general biology of the Gobiiformes. This foundation will provide the basic information necessary for future studies"--</subfield>
    <subfield code="c">Provided by publisher.</subfield>
  </datafield>
  <datafield tag="530" ind1=" " ind2=" ">
    <subfield code="a">Also available in print edition.</subfield>
  </datafield>
  <datafield tag="538" ind1=" " ind2=" ">
    <subfield code="a">Mode of access: World Wide Web.</subfield>
  </datafield>
  <datafield tag="650" ind1=" " ind2="0">
    <subfield code="a">Gobiidae.</subfield>
  </datafield>
  <datafield tag="655" ind1=" " ind2="7">
    <subfield code="a">Electronic books.</subfield>
    <subfield code="2">lcsh</subfield>
  </datafield>
  <datafield tag="700" ind1="1" ind2=" ">
    <subfield code="a">Patzner, Robert A.</subfield>
  </datafield>
  <datafield tag="776" ind1="1" ind2=" ">
    <subfield code="z">9781578084364</subfield>
  </datafield>
  <datafield tag="856" ind1="4" ind2="0">
    <subfield code="u">http://marc.crcnetbase.com/isbn/9781439862339</subfield>
    <subfield code="q">application/PDF</subfield>
  </datafield>
  <datafield tag="999" ind1=" " ind2=" ">
    <subfield code="c">11747</subfield>
    <subfield code="d">11746</subfield>
  </datafield>
</record>
